| 000 | 01449nam a2200349 a 4500 | ||
|---|---|---|---|
| 001 | ebr10623403 | ||
| 003 | CaPaEBR | ||
| 006 | m u | ||
| 007 | cr cn||||||||| | ||
| 008 | 100203s2009 enk sb 001 0 eng d | ||
| 010 | _z 2010290959 | ||
| 020 | _z0719077052 | ||
| 020 | _z9780719077050 | ||
| 020 | _z9781847793324 (e-book) | ||
| 040 |
_aCaPaEBR _cCaPaEBR |
||
| 035 | _a(OCoLC)808598708 | ||
| 043 | _ae-uk-en | ||
| 050 | 1 | 4 |
_aHV5449.E5 _bN53 2009eb |
| 082 | 0 | 4 |
_a363.410942 _222 |
| 100 | 1 |
_aNicholls, James, _d1971- |
|
| 245 | 1 | 4 |
_aThe politics of alcohol _h[electronic resource] : _ba history of the drink question in England / _cJames Nicholls. |
| 260 |
_aManchester, U.K. ; _aNew York : _bManchester University Press : _bDistributed exclusively in the USA by Palgrave, _cc2009. |
||
| 300 | _a282 p. | ||
| 504 | _aIncludes bibliographical references (p. 263-277) and index. | ||
| 533 |
_aElectronic reproduction. _bPalo Alto, Calif. : _cebrary, _d2011. _nAvailable via World Wide Web. _nAccess may be limited to ebrary affiliated libraries. |
||
| 650 | 0 |
_aDrinking of alcoholic beverages _zEngland _xHistory. |
|
| 650 | 0 |
_aDrinking of alcoholic beverages _xSocial aspects _zEngland. |
|
| 650 | 0 |
_aLiquor laws _zEngland. |
|
| 655 | 7 |
_aElectronic books. _2local |
|
| 710 | 2 | _aebrary, Inc. | |
| 856 | 4 | 0 |
_uhttp://site.ebrary.com/lib/rucke/Doc?id=10623403 _zAn electronic book accessible through the World Wide Web; click to view |
| 999 |
_c159172 _d159172 |
||